Music Quiz

Random Music or Lyrics Quiz

Garth Brooks' Rodeo Quiz Stats

 Plays Quiz not verified by Sporcle

Score 0/20 Timer 03:00
0 Plays Today
Leading Lyrics Descriptor % Correct
andmud
89.3%
and themud
89.3%
andblood
89%
and theblood
89%
It'sdust
75.3%
Well it'sbulls
71%
It'sboots
70.4%
It's theroar
69.8%
Thegold
68.3%
It's thewhite
64.6%
Leading Lyrics Descriptor % Correct
It'sspurs
61%
It'scowboy hats
60.1%
andchaps
56.1%
and thepain
49.7%
It's theropes
49.1%
And thejoy
43.6%
andlatigo
40.2%
It's thebroncs
39.9%
and thereins
37.2%
It's thesteers
35.7%

You're not logged in!

Compare scores with friends on all Sporcle quizzes.
OR
Log In

Sporcle TV

Today on Sporcle TV


Watch our educational content, quiz creation guides, and fun videos on Sporcle TV.

Show Comments

Extras

Top Quizzes Today


Score Distribution

Your Account Isn't Verified!

In order to create a playlist on Sporcle, you need to verify the email address you used during registration. Go to your Sporcle Settings to finish the process.

Report this User

Report this user for behavior that violates our Community Guidelines.

Details: